000 00646nam a2200241Ia 4500
003 OSt
005 20220925225447.0
006 a|||||r|||| 00| 0
007 ta
008 220923b |||||||| |||| 00| 0 eng d
037 _cGeneral Book
040 _aRTL
_cRTL
_beng
041 _2eng
_aeng
082 _aB28, N4
100 _aKanji Gopal K
_9292488
245 0 _aOne hundred statistical texts
260 _aLondon
_bSage Publications
_c1994
300 _aviii, 216p
_ccm.
500 _aBibliography : P214
650 _aStatistics
_935791
942 _hB28, N4
_cGB
_2CC
999 _c583591
_d583591